Drevostavby pre bytovú a občiansku výstavbu zborník prednášok z celoštátneho seminára
Gespeichert in:
| Format: | Buch |
|---|---|
| Sprache: | Slowakisch |
| Veröffentlicht: |
Žilina
Dom techniky ČSVTS
1980
|
| Tags: |
Keine Tags, Fügen Sie das erste Tag hinzu!
|
MARC
| LEADER | 00000nam a2200000 4500 | ||
|---|---|---|---|
| 001 | c144123 | ||
| 005 | 20181203150544.8 | ||
| 041 | 0 | |a slo | |
| 044 | |a SK | ||
| 245 | 1 | 0 | |a Drevostavby pre bytovú a občiansku výstavbu |b zborník prednášok z celoštátneho seminára |
| 264 | 1 | |a Žilina |b Dom techniky ČSVTS |c 1980 | |
| 300 | |a 324 s. | ||